000 00843nas a2200265 4500
001 BR2010003903
003 BR-BrBNA
005 20231205114637.0
007 ta
008 230509b bl.|||p| |||| 00| 00por d
040 _aBR-BrBNA
_bpor
_cBiblioteca Nacional de Agricultura
041 _a(Pt)
072 _aP33
100 1 _aLima, C.G. da R.
100 1 _aCarvalho, M. de P. e
245 1 _aCorrelação linear e espacial entre a produtividade de forragem de milho e frações granulométricas de um latossolo vermelho distrófico
650 _aMILHO
650 _aPLANTIO DIRETO
650 _aGRANULOMETRIA
650 _aSOLO
650 _aFORRAGICULTURA
773 0 _tBragantia (Brazil)
_xISSN 0006-8705
_g(Oct-Dec 2009), v. 68(4) p. 985-990
_wBR2010003903
909 _a202311
_bLúcia
_c55
_dLúcia Elande
942 _2AGRIS
_n0
_cANA
999 _c209727
_d209727